Statistics for Biggest Cities in Waikato

Click here to take the quiz!

General Stats

  • This quiz has been taken 8 times
  • The average score is 16 of 24

Answer Stats

PopulationSettlement% Correct
169,300Hamilton
100%
8,030Huntly
100%
6,580Ngāruawāhia
100%
23,900Taupō
100%
19,150Cambridge
83%
7,860Morrinsville
83%
3,280Raglan
83%
12,400Te Awamutu
83%
4,680Te Kuiti
83%
13,650Tokoroa
83%
1,760Coromandel Town
67%
7,910Matamata
67%
2,890Otorohanga
67%
4,310Paeroa
67%
7,680Thames
67%
5,310Waihi
67%
2,170Pōkeno
50%
4,470Te Aroha
50%
4,060Whangamatā
50%
5,130Whitianga
50%
4,280Putāruru
33%
5,090Tuakau
33%
3,320Tūrangi
33%
2,740Kihikihi
0%

Score Distribution

Percentile by Number Answered

Percent of People with Each Score

Your Score History

You have not taken this quiz